Normal view
MARC view
Entry Topical Term
001 - CONTROL NUMBER
- control field: 482543
003 - CONTROL NUMBER IDENTIFIER
- control field: OSt
005 - DATE AND TIME OF LATEST TRANSACTION
- control field: 20220928132639.0
008 - FIXED-LENGTH DATA ELEMENTS
- fixed length control field: 220928|| aca||aabn | a|a d
040 ## - CATALOGING SOURCE
- Original cataloging agency: OSt
- Transcribing agency: OSt
150 ## - HEADING--TOPICAL TERM
- Topical term or geographic name entry element: Lending Banks
670 ## - SOURCE DATA FOUND
- Source citation: Work cat.: (OSt)795286: Jain Nabhi Kumar 413691, How to borrow from banking financial institutions, 2004
